000 01679cam a22004457a 4500
001 000094648
003 CHAP
005 20220329143037.0
008 051013d2005 mx r 00110 spa d
010 _a91114
011 _a92086
035 _a102649
040 _cCHAP
090 _aTesis
100 0 0 _aHernández Villar, Hervicamor.
_954733
245 1 0 _aControl del barrenador de tallo (Melanagromyza tomatera steyskal), en tomate de cáscara (Physalis ixocarpa Brot.), mediante la aplicación de imidacloprid /
_c/por Hervicamor Hernández Villar y Benito Garcilazo Gómez.
260 _aChapingo, Méx. :
_bEl autor,
_c2005.
300 _a71 h.
502 _aTesis (Ing. Agr. Esp. en Fitotecnia) - - UACH. Departamento de Fitotecnia
590 _aALEPH
_b10
_c20130110
_lUCH01
_h1506
590 _aBATCH-UPD
_b10
_c20130110
_lUCH01
_h0552
590 _aBATCH-UPD
_b10
_c20130410
_lUCH01
_h0233
590 _aBATCH-UPD
_b10
_c20130914
_lUCH01
_h1043
590 _aBATCH-UPD
_b10
_c20140324
_lUCH01
_h1451
590 _aBATCH-UPD
_b10
_c20141002
_lUCH01
_h0827
590 _aCONVERSION
_b10
_c20130109
_lUCH01
_h1350
590 _aE12093SGE
_b10
_c20130614
_lUCH01
_h1029
650 1 4 _aControl de plagas.
_927595
650 1 4 _aInsecticidas
_xAplicación.
_958857
650 1 4 _aMelanagromyza.
_974303
650 1 4 _aTomate verde
_xPlagas.
_9113827
700 0 _aGarcilazo Gómez, Benito.
_945657
856 _3Finding aid
_uhttp://10.13.5.2/tesis/102649.pdf
_zTeclea aquí
901 _aBK
905 _aLilia
942 _cCD
942 _n0
949 _aTesis
_bBC
_cTES
_d1026491
_eTS1
_h43987
_i102649
_sb
949 _aTesis
_bBC
_cTES
_d33724000965604
_eTS2
_fc.2
_h43988
_i102649
_si
999 _c91114
_d91114